00377nam a2200181Ia 4500003000900000008004100009040001300050040001300063041000800076100001900084245003000103250001000133260001600143260000900159300001100168300001000179490000600189IT-RoPAU120407s9999 xx 000 0 und d aIT-RoPAU cIT-RoPAU afra aJean Lhermitte aLe cerveau et la pensée aParis aBloud & Gay c1951 a206 p. c19 cm v1